000 01170cam a22003614a 4500
001 60006
005 20230410103738.0
008 080206s2008 fr b b 001 0 fre
035 _a15201675
050 1 4 _aC7589 2008
050 1 4 _aDC419.S27
_bC66 2008
925 0 _aacquire
_b1 shelf copy
_xpolicy default
942 _2lcc
_cbk
010 _a 2008398735
020 _a9782213633718
035 _a(FrPJT)JTL00218240
040 _aDLC
_cDLC
043 _ae-fr---
050 1 4 _a318 DC 419
_bC758n 2008
100 1 _aConstanty, Héléne.
245 1 0 _a9-2, le clan du président /
_cHéléne Constanty, Pierre-Yves Lautrou.
246 3 _aNeuf-deux, le clan du président
260 _aParis :
_bFayard,
_cc2008.
300 _a316 p. :
_b1 map ;
_c24 cm.
504 _aIncludes bibliographical references and index.
600 1 0 _aSarkozy, Nicolas,
_d1955-
_xFriends and associates.
650 0 _aPatron and client
_zFrance.
651 0 _aHauts-de-Seine (France)
_xPolitics and government.
651 4 _aHauts-de-Seine (Francia)
_xPolítica y gobierno.
700 1 _aLautrou, Pierre-Yves.
923 _d20080226
_nB00088474
_sFrPJT
985 _eVENDOR LOAD
999 _c25022
_d25022